World oil outlook 2013.
| Corporate Author: | |
|---|---|
| Format: | Book |
| Published: |
Vienna:
Organization of the Petroleum Exporting Countries (OPEC),
2012.
|
| Subjects: |
| LEADER | 00520cam a2200157 7i4500 | ||
|---|---|---|---|
| 001 | 0000030466 | ||
| 005 | 20131025090000.0 | ||
| 020 | 0 | 0 | |a 9783950272246 |
| 090 | 0 | 0 | |a I 665.5 |b ORG |
| 110 | 2 | 0 | |a Organization of the Petroleum Exporting Countries (OPEC) |
| 245 | 1 | 0 | |a World oil outlook 2013. |
| 260 | 0 | 0 | |a Vienna: |b Organization of the Petroleum Exporting Countries (OPEC), |c 2012. |
| 300 | # | # | |a 281 p. |
| 650 | 0 | 0 | |a Petroleum industry and trade |
| 650 | 0 | 0 | |a Gas industry |
| 999 | |a 0000032527 |b Book |c International |e Business Information Centre | ||


